1636 1823 1984 1517 1294 1807 1358 1149 1246 1534 1646 1253 1815 1973 1551 1210 1497 1026 1690 1460 1419 1822 1230 1195 1271 1448 1182 1205 1551 1294 1718 1287 1536 1695 1857 1209 1422 1053 1002 1129 1979 1190 1279 1157 1573 1931 1956 1505 1532 1719 1355 1666 1960 1430 1969 1235 1137 1107 1822 1247 1717 1685 1396 1165 1389 1318 1812 1522 1703 1733 1512 1618 1394 1066 1990 1610 1492 1379 1483 1817 1427 1617 1118 1008 1090 1493 1710 1251 1837 1318 1633 1533 1222 1012 1456 1578 1964 1121 1333 BCNSPRNW ULIB Ver.6.0+V

เปลี่ยนเป็นภาษาไทย

Change to English
 แสดงรายละเอียดบรรณานุกรม
  กลับหน้าหลัก

Brief Record : Get Marc (ISO 2709) : E-mail record : QR code < ปิดหน้าต่าง
LEADER : 00000nam 2200000uu 4500
001    13399127409
003     ULIB
008    200519s2559||||th 000 0 tha d
020    ^a9786165470865
050  4 ^aPE1128^bส779T
100 0  ^aสุทิน พูลสวัสดิ์
245 10 ^aTOEFL ITP with MP3 CD /^cสุทิน พูลสวัสดิ์
246 30 ^aTOEFL ITP :^bkey to success
250    ^aพิมพ์ครั้งที่ 1
260    ^aกรุงเทพฯ :^bศูนย์หนังสือ ที.จี.อาร์.อี,^c2559
300    ^a294 หน้า ;^c26 ซม. +^eซีดีรอม 1 แผ่น
650  0 ^aEnglish language^xExaminations, questions, etc.
650  0 ^aEnglish language^xUsage
650  0 ^aEnglish language^xGrammar
650  0 ^aTest of English as a Foreign Language
650  4 ^aภาษาอังกฤษ^xข้อสอบและเฉลย
650  4 ^aภาษาอังกฤษ^xการใช้ภาษา
650  4 ^aภาษาอังกฤษ^xไวยากรณ์
650  4 ^aโทเฟล
653    ^aTOEFL
945    ^p395^l0^i007083
999    ^aประนอม เกษจรัล
รายการนี้ยังไม่มีแท็ก
คุณยังไม่ได้ล็อกอิน คุณสามารถมีกิจกรรมร่วมกับเว็บไซต์ได้ แต่ต้องล็อกอินก่อน ::
  ล็อกอิน

รายการสื่อสารสนเทศ

ลำดับที่ ประเภท เลขเรียก/บาร์โค้ด สถานที่ สถานะ
- ไม่พบข้อมูล -

รายการใกล้เคียง
    ผู้แต่ง [สุทิน พูลสวัสดิ์]

    หัวเรื่อง [English language Grammar]
    หัวเรื่อง [Test of English as a Foreign Language]
    หัวเรื่อง [ภาษาอังกฤษ การใช้ภาษา]
    หัวเรื่อง [โทเฟล]

BibComment


ยังไม่เคยถูกคอมเมนท์

คอมเมนท์ทรัพยากรรายการนี้
  คอมเมนท์: TOEFL ITP with M..


 Copyright 2026. Bcnsprnw @Library